<?xml version="1.0" encoding="UTF-8"?><?xml-stylesheet type="text/xsl" href="static/style.xsl"?><OAI-PMH xmlns="http://www.openarchives.org/OAI/2.0/" xmlns:xsi="http://www.w3.org/2001/XMLSchema-instance" xsi:schemaLocation="http://www.openarchives.org/OAI/2.0/ http://www.openarchives.org/OAI/2.0/OAI-PMH.xsd"><responseDate>2026-04-13T06:46:59Z</responseDate><request verb="GetRecord" identifier="oai:www.recercat.cat:2117/361559" metadataPrefix="marc">https://recercat.cat/oai/request</request><GetRecord><record><header><identifier>oai:recercat.cat:2117/361559</identifier><datestamp>2025-07-22T22:57:58Z</datestamp><setSpec>com_2072_1033</setSpec><setSpec>col_2072_452951</setSpec></header><metadata><record xmlns="http://www.loc.gov/MARC21/slim" xmlns:dcterms="http://purl.org/dc/terms/" xmlns:xsi="http://www.w3.org/2001/XMLSchema-instance" xmlns:doc="http://www.lyncode.com/xoai" xsi:schemaLocation="http://www.loc.gov/MARC21/slim http://www.loc.gov/standards/marcxml/schema/MARC21slim.xsd">
   <leader>00925njm 22002777a 4500</leader>
   <datafield ind2=" " ind1=" " tag="042">
      <subfield code="a">dc</subfield>
   </datafield>
   <datafield ind2=" " ind1=" " tag="720">
      <subfield code="a">Montilla Garcia, Carles</subfield>
      <subfield code="e">author</subfield>
   </datafield>
   <datafield ind2=" " ind1=" " tag="260">
      <subfield code="c">2021-07-13</subfield>
   </datafield>
   <datafield ind2=" " ind1=" " tag="520">
      <subfield code="a">Cada any aproximadament 1,35 milions de persones moren per accidents de trànsit, el 94% d’aquests com a resultat d’errors humans. El desenvolupament de cotxes autònoms és un dels àmbits més populars i de moda on s’està experimentant amb tècniques de Deep Learning per tal de garantir la seguretat i la integritat de les persones. El Deep Learning és un subconjunt de tècniques en l’àmbit del Machine Learning que serveix per entrenar màquines algorítmiques a realitzar tasques sense haver sigut programades de manera explícita. L’objectiu d’aquest treball consisteix en preparar un vehicle de radio-control i programar la seva unitat computacional perquè, mitjançant la utilització de tècniques d’aprenentatge profund supervisat, aprengui a moure’s en un circuit tancat. Per tal d’assolir-lo es realitzaran diferents experiments en els quals es modificaran els paràmetres del vehicle així com les dades emprades en l’entrenament. En cada experiment es realitzarà una conducció diferent: sentit únic, ambdós sentits o ambdós sentits amb entrada de pista. A partir dels resultats dels experiments s’obtenen els errors del model en funció de les èpoques d’entrenament. Es pot observar que, primer de tot, perquè un model sigui vàlid, a més a més de tenir un error baix a l’etapa d’entrenament l’ha de tenir a l’etapa de validació. En el cas de que l’error en l’etapa de validació sigui major, s’obté un model massa complex (model sobreajustat) i, per tant, no vàlid. Finalment, s’arriba a la conclusió de que el correcte entrenament d’un model depèn majoritàriament de la qualitat de les dades d’entrada, així com de la quantitat d’aquestes, i no del nombre d’èpoques. La qualitat de les dades dependrà principalment de la conducció i la preparació, sent aquesta última un filtratge i etiquetatge de les sortides</subfield>
   </datafield>
   <datafield tag="653" ind2=" " ind1=" ">
      <subfield code="a">Àrees temàtiques de la UPC::Informàtica::Automàtica i control</subfield>
   </datafield>
   <datafield tag="653" ind2=" " ind1=" ">
      <subfield code="a">Machine learning</subfield>
   </datafield>
   <datafield tag="653" ind2=" " ind1=" ">
      <subfield code="a">Deep learning (Machine learning)</subfield>
   </datafield>
   <datafield tag="653" ind2=" " ind1=" ">
      <subfield code="a">Automation</subfield>
   </datafield>
   <datafield tag="653" ind2=" " ind1=" ">
      <subfield code="a">Autonomous vehicles</subfield>
   </datafield>
   <datafield tag="653" ind2=" " ind1=" ">
      <subfield code="a">Automàtica</subfield>
   </datafield>
   <datafield tag="653" ind2=" " ind1=" ">
      <subfield code="a">Programació</subfield>
   </datafield>
   <datafield tag="653" ind2=" " ind1=" ">
      <subfield code="a">Aprenentatge automàtic</subfield>
   </datafield>
   <datafield tag="653" ind2=" " ind1=" ">
      <subfield code="a">Aprenentatge profund</subfield>
   </datafield>
   <datafield tag="653" ind2=" " ind1=" ">
      <subfield code="a">Automatització</subfield>
   </datafield>
   <datafield tag="653" ind2=" " ind1=" ">
      <subfield code="a">Vehicles autònoms</subfield>
   </datafield>
   <datafield ind2="0" ind1="0" tag="245">
      <subfield code="a">Deep Learning per la conducció autònoma de vehicles</subfield>
   </datafield>
</record></metadata></record></GetRecord></OAI-PMH>